[Event "Match/Clock sim HSK-Kasparov  4,5-3,5"]
[Site "Hamburg"]
[Date "1985.06.07"]
[Round "?"]
[White "Chandler, Murray G"]
[Black "Kasparov, Garry"]
[Result "1-0"]
[WhiteElo "2585"]
[BlackElo "2715"]
[Annotator "Chekhov,V"]
[PlyCount "65"]
[EventDate "1985.06.07"]
[EventType "simul"]
[EventRounds "8"]
[EventCountry "GER"]
[SourceTitle "MCL"]
[Source "ChessBase"]
[SourceDate "1999.07.01"]
[SourceVersion "1"]
[SourceVersionDate "1999.07.01"]
[SourceQuality "1"]

1. e4 c5 2. Nf3 e6 3. d4 cxd4 4. Nxd4 Nf6 5. Nc3 Nc6 6. Nxc6 bxc6 7. e5 Nd5 8.
Ne4 Qc7 9. f4 Qb6 (9... Qa5+ 10. Qd2 $5 Qb6 11. Bd3 f5 $6 (11... Ba6 $5 12.
Bxa6 Qxa6 13. Qe2 Qxe2+ 14. Kxe2 f5 15. Nf2 Rb8 $10) 12. exf6 Nxf6 13. Nxf6+
gxf6 14. Qe2 $1 $14 {Dolmatov,S-Chekhov,V/Moscow/1992/1/2-1/2/49/}) 10. c4 Bb4+
11. Ke2 f5 $1 (11... Ba6 $6 12. Kf3 f5 13. exf6 Nxf6 14. c5 $1 Qb7 (14... Bxc5
15. Nxc5 Bxf1 16. Na4 $18) 15. Nxf6+ gxf6 16. Qd4 $16) 12. Nf2 Ba6 13. Kf3 Ne7
14. Be3 Bc5 15. Bxc5 Qxc5 16. Qd6 Qb6 (16... Qa5 17. h4 $1 c5 18. Kg3 Kf7 19.
Be2 Rhd8 20. Bh5+ $1 g6 21. Bf3 Rab8 22. h5 $1 $16 {Ghinda,M-Chekhov,V/Halle/
1987/1:0/35/}) 17. b3 c5 18. Rd1 Bb7+ (18... Rd8 19. Nd3 $5 Rc8 20. Nb2 Bb7+
21. Kg3 $14 {Mokry,K-Vukic,M/Zenica/1986/}) 19. Ke3 {[#]} Kf7 $6 (19... Rd8 $5
20. Nd3 Rc8) 20. Qxb6 axb6 21. Rxd7 Bc6 22. Rd2 g5 23. Nh3 $1 (23. fxg5 Rag8
24. h4 (24. Nh3 Ng6) 24... h6 $1 25. gxh6 Rxh6 $44) 23... h6 (23... gxf4+ 24.
Nxf4 {/\Be2,Bh5/}) 24. fxg5 (24. Rg1 $5 Rag8 25. g3 gxf4+ 26. gxf4 Rg4 27. Be2
Rh4 28. Rg3 Rg8 29. Kf2 Ng6 30. Rd6) 24... Ng6 25. gxh6 Nxe5 26. Be2 Rxh6 (
26... Bxg2 $4 27. Bh5+) 27. Nf4 Rg8 28. h3 $1 $16 Ke7 (28... Bxg2 29. Nxg2 Rxg2
30. Bh5+ $18) 29. Rhd1 {[#]} Ng6 $6 (29... Bxg2 30. Rg1) (29... Nf7 $5 30. Bf3
(30. a4 $5) 30... Bxf3 31. Kxf3 Ng5+ 32. Ke3 Ne4 33. Rd7+ Kf6) 30. Bf3 $1 Bxf3
(30... Nxf4 31. Bxc6 Ng6 32. Rd7+ Kf6 33. Rb7 $18) 31. Kxf3 Nxf4 (31... Ne5+
32. Ke3 Nf7 33. Rd7+ Kf6 34. Rb7) 32. Kxf4 Rhg6 33. Ke5 (33. Ke5 Rxg2 34. Rd7+
Kf8 35. Rb7 Re2+ 36. Kf6 $18) 1-0

[Event "Vienna op"]
[Site "Vienna"]
[Date "1996.??.??"]
[Round "3"]
[White "Kobalia, Mihail"]
[Black "Gaertner, Guntram"]
[Result "1-0"]
[WhiteElo "2495"]
[BlackElo "2380"]
[Annotator "Chekhov,V"]
[PlyCount "63"]
[EventDate "1996.??.??"]
[EventType "swiss"]
[EventRounds "9"]
[EventCountry "AUT"]
[SourceTitle "CBM 053 Extra"]
[Source "ChessBase"]
[SourceDate "1996.09.01"]
[SourceVersion "1"]
[SourceVersionDate "1996.09.01"]
[SourceQuality "1"]

1. e4 c5 2. Nf3 e6 3. d4 cxd4 4. Nxd4 Nf6 5. Nc3 Nc6 6. Ndb5 Bb4 7. a3 Bxc3+ 8.
Nxc3 d5 9. exd5 exd5 10. Bd3 O-O 11. O-O d4 12. Ne2 (12. Ne4 Bf5 13. Bg5 Bxe4
14. Bxe4 h6 15. Bxf6 (15. Bh4 g5 16. Bxc6 bxc6 17. Bg3 Qd5 18. f4 Ne4 19. Qh5
Kg7 20. Rad1 Rad8 21. Rd3 c5 $132 {Kveinys,A-Sorokin,M/Slupsk/1992/1|0/42/})
15... Qxf6 16. Qf3 Qxf3 17. Bxf3 Rac8 18. Rfe1 Rfd8 19. Rad1 Kf8 20. Kf1 Na5
$10 {Xie,J-Polgar,Z/Jaen/1996/0,5/28/}) 12... h6 13. Bb5 (13. b4 a6 14. Bb2 Kh8
15. Qd2 b5 16. Qf4 Nd5 17. Qg3 $14 {Petrushin,A-Bangiev,A/Simferopol/1989/0|1/
44/}) (13. Bf4 $5 Nd5 14. Bg3 Qf6 15. Re1 Nde7 16. Nf4 Bf5 17. Bc4 Rac8 18. Qd2
Rfd8 19. Nd3 $14 {Geller,E-Winants,L/Amsterdam/1987/1|0/43/}) (13. h3 a6 14.
Re1 Nd5 15. Be4 Nde7 16. Qd3 Qb6 17. Rd1 Rd8 18. Qg3 Kh8 19. Bf4 $36 {Ernst,
T-Prasad,D/Subotica/1987/1|0/70/}) 13... Bg4 14. f3 (14. Bxc6 Bxe2 (14... bxc6
$2 15. f3 Bh5 16. Qxd4 $16) 15. Qxe2 bxc6 $132) 14... Qb6 $1 15. Bxc6 d3+ 16.
Kh1 dxe2 17. Qxe2 Qxc6 18. fxg4 Rfe8 19. Qd1 (19. Qf3 Qxc2 20. g5 hxg5 21. Bxg5
Qxb2 22. Rab1 Qe5 23. Bxf6 Qxf6 24. Qxf6 gxf6 25. Rxb7 Re6 $10) 19... Rad8 20.
Qf3 Qxc2 21. g5 Rd3 $6 (21... hxg5 22. Bxg5 Qxb2 23. Rab1 Qe5 24. Bxf6 Qxf6 25.
Qxf6 (25. Qxb7 Qe7 $10) 25... gxf6 26. Rxb7 Re2 27. Rxa7 Rdd2 28. Rg1 Ra2 29.
h3 Kg7 $10) 22. Qxb7 hxg5 23. Bxg5 Rb3 24. Qxa7 Rxb2 25. Qg1 Ne4 26. Be3 Ra8 $6
(26... Ng3+ 27. hxg3 Qh7+ 28. Qh2 Rxe3 29. Qxh7+ Kxh7 30. Rxf7 Rxg3 $10) 27.
Bd4 Rb3 28. Rf3 Ra6 29. Rc1 Qa2 30. Qe1 Rxf3 (30... Nf6 31. Bxf6 Rxf6 32. Qe8+
Kh7 33. Rxf6 gxf6 34. Qxf7+ $18) (30... Re6 31. Rc8+ Kh7 32. Qh4+ Rh6 (32...
Kg6 33. Qg4+ Ng5 34. Qf5+ Kh5 35. g4+ Kh4 36. Bf2+ $18) 33. Qxe4+ $18) 31. Rc8+
Kh7 32. Qxe4+ (32. Qxe4+ Rg6 33. Qxf3 Qb1+ 34. Bg1 $18) 1-0

[Event "Candidates FIDE m5"]
[Site "Wijk aan Zee"]
[Date "1994.??.??"]
[Round "5"]
[White "Yudasin, Leonid"]
[Black "Kramnik, Vladimir"]
[Result "0-1"]
[WhiteElo "2625"]
[BlackElo "2710"]
[Annotator "Chekhov,V"]
[PlyCount "74"]
[EventDate "1994.01.16"]
[EventType "match"]
[EventRounds "7"]
[EventCountry "NED"]
[SourceTitle "CBM 039"]
[Source "ChessBase"]
[SourceDate "1994.04.01"]
[SourceVersion "1"]
[SourceVersionDate "1994.04.01"]
[SourceQuality "1"]

1. e4 c5 2. Nf3 Nc6 3. d4 cxd4 4. Nxd4 Nf6 5. Nc3 e6 6. Nxc6 bxc6 7. e5 Nd5 8.
Ne4 Qc7 9. f4 Qa5+ 10. Bd2 (10. Qd2 $5 Qb6 11. Bd3 f5 $6 (11... Ba6 $5 12. Bxa6
Qxa6 13. Qe2 Qxe2+ 14. Kxe2 f5 15. Nf2 Rb8 $10) 12. exf6 Nxf6 13. Nxf6+ gxf6
14. Qe2 $1 $14 {Dolmatov,S-Chekhov,V/Moscow/1992/0,5 (49) Inf 55/211/}) (10. c3
Be7 11. Bd3 Qb6 12. Qe2 (12. c4 $6 f5 13. exf6 Nxf6 14. Qc2 Nxe4 15. Bxe4 Ba6
16. Bd2 Bf6 $36 {Ye,J-Ivanchuk,V/Manila(ol)/1992/0:1 (32) Inf 55/211/}) 12...
O-O (12... Bb7 $5 13. c4 f5 14. Nd6+ Bxd6 15. exd6 Nf6 16. Be3 Qb4+ 17. Bd2
Qxd6 18. Bxf5 c5 19. O-O-O Qc6 20. Rhg1 $14 {Howell,J-Krasenkov,M/Hastings/
1992/ Inf 56/198/}) 13. c4 f5 14. cxd5 fxe4 15. Qxe4 Qb4+ 16. Qxb4 Bxb4+ 17.
Ke2 exd5 $10 {De La Riva,O-Braga,F/ Zaragoza/1993/ Inf 57/190/}) 10... Qb6 11.
Bd3 $5 $146 (11. c4 $6 Qd4 $1 12. Qb1 Rb8 13. b3 (13. cxd5 $2 Rxb2 14. Qd3 Rxd2
$1 $19) 13... f5 $1 $17 {Adams,M-Khenkin,I/Chalkidiki/1992/}) 11... Be7 (11...
Qxb2 12. O-O $36) 12. Rb1 (12. c4 Qd4 13. Qb3 (13. Qf3 Nb4 $36) (13. Qc2 Rb8)
13... f5) 12... Ba6 13. Qe2 (13. c4 f5 (13... Nb4 14. Bxb4 Qxb4+ 15. Nd2) (
13... Qd4 14. Qe2 Nb4 15. Bxb4 Bxb4+ 16. Kf1 $13) 14. exf6 Nxf6 $13) 13... Bxd3
14. Qxd3 f5 $1 $15 15. exf6 (15. Nf2 Bc5 16. Qe2 (16. O-O Ne3 17. Bxe3 Bxe3 18.
g3 g5 $36) 16... Ne3 17. Bxe3 Bxe3 18. Nd3 Qa5+ 19. Kf1 Qxa2) 15... gxf6 $5 (
15... Nxf6 $5 16. Nxf6+ (16. Be3 Qa5+ 17. Nc3 Nd5 $36) (16. Nd6+ $2 Bxd6 17.
Qxd6 Ne4) 16... Bxf6 17. b4 (17. Be3 Qa5+) 17... O-O 18. c4 (18. Qxd7 $2 Rad8
19. Qxe6+ Kh8 $17) 18... d5 $13) 16. f5 (16. a3) (16. a3 f5 17. Nc3 Rg8 $36) (
16. c4 $6 Nb4 17. Qb3 Qd4 $36) 16... O-O-O 17. a3 $6 (17. fxe6 dxe6 18. Qe2)
17... Rhe8 18. Kf1 exf5 19. Ng3 f4 20. Nf5 Bf8 21. b4 Ne3+ 22. Bxe3 fxe3 23.
Ke2 (23. Re1 Re5 24. Rxe3 Rd5 $19) 23... d5 24. Rhf1 Re4 $17 25. c3 (25. Rf3 $5
) 25... Bd6 $1 26. Rf3 Bb8 27. g3 (27. Rxe3 Rde8 28. Rxe4 Rxe4+ 29. Kf1 Bxh2) (
27. Nd4 Be5) 27... Rde8 28. Rbf1 (28. Ng7 R8e7 29. Nh5 Be5 30. Nxf6 Rc4 31. Rc1
Qa6) 28... a5 $1 29. Ng7 R8e7 30. Nh5 axb4 31. cxb4 (31. axb4 Qa7 $19) (31.
Nxf6 $5 bxc3 32. Nxe4 dxe4 (32... Qb2+ $1 33. Ke1 (33. Kd1 $2 e2+ 34. Qxe2 Qb1#
) 33... Rxe4 34. Rf8+ (34. Qa6+ Kd7 35. Rf7+ Re7 36. Rxe7+ Kxe7 37. Qd3 Qd2+
38. Qxd2 cxd2+ $19) 34... Kc7 $1 35. R1f7+ (35. R8f7+ Kb6 $19) 35... Kd6 36.
Rf6+ Kc5 37. Rxc6+ (37. Rxb8 Qd2+ $1 38. Qxd2 exd2+ $19) 37... Kxc6 38. Qa6+ (
38. Rf6+ Kc5) (38. Rc8+ Kd7) 38... Kd7 39. Rf7+ Ke8 $19) 33. Rf8+ Kb7 34. Qxc3
(34. Qxe3 Qb2+ 35. Ke1 c2 $19) 34... Qb5+ 35. Ke1 Bc7 36. R8f5 $13) 31... Rd4
32. Qf5+ Kb7 33. Qxf6 Qa6+ 34. Ke1 Ree4 $19 35. Qg7+ Ka8 36. Rf8 Rd1+ $1 37.
Kxd1 e2+ 0-1

[Event "FRA-ch"]
[Site "Nantes"]
[Date "1993.08.12"]
[Round "1"]
[White "Prie, Eric"]
[Black "Degraeve, Jean Marc"]
[Result "0-1"]
[WhiteElo "2445"]
[BlackElo "2465"]
[Annotator "ChessBase"]
[PlyCount "80"]
[EventDate "1993.08.12"]
[EventType "tourn"]
[EventRounds "15"]
[EventCountry "FRA"]
[EventCategory "8"]
[SourceTitle "EXT 1997"]
[Source "ChessBase"]
[SourceDate "1996.11.15"]
[SourceVersion "1"]
[SourceVersionDate "1996.11.15"]
[SourceQuality "1"]

1. e4 c5 2. Nf3 e6 3. d4 cxd4 4. Nxd4 Nf6 5. Nc3 Nc6 6. Nxc6 bxc6 7. e5 Nd5 8.
Ne4 Qc7 9. f4 Qb6 (9... Qa5+ {Nijboer,F (2455)-Rogozenko,D (2305) EU-chT (Men)
1992 (2) 1/2}) 10. c4 Bb4+ 11. Ke2 f5 12. Nf2 Ba6 13. Kf3 Ne7 14. Be3 Bc5 15.
Bxc5 Qxc5 16. Qd6 Qa5 (16... Qb6 17. b3 c5 $10) 17. h4 c5 18. Kg3 Rc8 19. Rh3
Rc6 20. Qd1 $146 ({RR} 20. Qd3 Kf7 21. Kh2 Rc7 22. Qd1 Rf8 23. Ra3 Qb6 24. Qb3
Rb7 25. Rd1 Rd8 26. Qa4 Qxb2 27. Nd3 Qd4 28. Qxa6 Rb4 29. Qd6 Rxc4 30. Qxd4
Rxd4 31. g3 Rb8 32. Kg1 Nd5 33. Nf2 Rxd1 34. Nxd1 Rb1 {Degraeve,J (2470)
-Chevallier,D (2305)/Paris 1992/EXT 1997/1-0 (41)}) 20... Qc7 21. Qh5+ Ng6 22.
Qg5 d6 23. h5 Nf8 24. exd6 Rxd6 25. h6 gxh6 26. Rxh6 Qf7 27. Rf6 $6 Rg8 28.
Rxf7 Rxg5+ 29. fxg5 Kxf7 30. Nd3 Nd7 31. b3 Kg6 32. Re1 Kxg5 33. Ne5 Kf6 34.
Nxd7+ Rxd7 35. Be2 Rd2 36. Bf3 Rxa2 37. Rd1 e5 38. Bc6 Ra3 39. Rd6+ Kg5 40. Bf3
e4 0-1

[Event "World Women-ch"]
[Site "Jaen"]
[Date "1996.??.??"]
[Round "6"]
[White "Xie, Jun"]
[Black "Polgar, Zsuzsa"]
[Result "1/2-1/2"]
[WhiteElo "2530"]
[BlackElo "2550"]
[Annotator "ChessBase"]
[PlyCount "55"]
[EventDate "1996.01.??"]
[EventType "match"]
[EventRounds "16"]
[EventCountry "ESP"]
[SourceTitle "CBM 052"]
[Source "ChessBase"]
[SourceDate "1996.06.01"]
[SourceVersion "1"]
[SourceVersionDate "1996.06.01"]
[SourceQuality "1"]

1. e4 c5 2. Nf3 e6 3. d4 cxd4 4. Nxd4 Nf6 5. Nc3 Nc6 6. Ndb5 Bb4 7. a3 Bxc3+ 8.
Nxc3 d5 9. exd5 exd5 10. Bd3 O-O 11. O-O d4 12. Ne4 (12. Ne2 $142 {game 8})
12... Bf5 13. Bg5 Bxe4 14. Bxe4 h6 15. Bxf6 Qxf6 16. Qf3 Qxf3 17. Bxf3 Rac8 18.
Rfe1 Rfd8 19. Rad1 Kf8 20. Kf1 Na5 21. Re2 Nc4 22. Re4 d3 23. cxd3 Nxb2 24. Rb1
Nxd3 25. Ra4 Nc5 26. Rxa7 Ra8 27. Rxa8 Rxa8 28. Bxb7 1/2-1/2

[Event "URS-ch58"]
[Site "Moscow"]
[Date "1991.??.??"]
[Round "5"]
[White "Dvoirys, Semen I"]
[Black "Maljutin, Evgeni"]
[Result "1/2-1/2"]
[WhiteElo "2525"]
[BlackElo "2435"]
[Annotator "Ernst,T"]
[PlyCount "139"]
[EventDate "1991.11.??"]
[EventType "swiss"]
[EventRounds "11"]
[EventCountry "URS"]
[SourceTitle "URS-ch"]
[Source "ChessBase"]
[SourceDate "1999.07.01"]
[SourceVersion "1"]
[SourceVersionDate "1999.07.01"]
[SourceQuality "1"]

1. e4 c5 2. Nf3 e6 3. d4 cxd4 4. Nxd4 Nf6 5. Nc3 Nc6 6. Ndb5 Bb4 7. a3 Bxc3+ 8.
Nxc3 d5 9. exd5 exd5 10. Bd3 O-O 11. O-O d4 12. Ne2 Qd5 13. c4 (13. Ng3 $16 {
Nunn}) 13... dxc3 14. Nxc3 Qa5 15. Bd2 Rd8 16. Nb5 Qa6 17. Qc2 Ne5 18. Be2 Bg4
19. Bc3 Rac8 20. Rad1 Nd5 21. Bxg4 Nxg4 22. Qd3 Rd7 23. Qf5 Qe6 24. Qxe6 fxe6
25. h3 a6 26. Na7 Rcd8 $10 27. Ba5 Ra8 28. hxg4 Rxa7 {Hier hätten die Spieler
gleich Remis annehmen sollen.} 29. Bc3 Ra8 30. Rfe1 Rad8 31. Be5 Ne7 32. Rxd7
Rxd7 33. f3 Kf7 34. Kf2 Rd2+ 35. Re2 Rd1 36. Rc2 Nc6 37. Bc3 Rd5 38. Rc1 Rd7
39. Ke3 Rd5 40. Rh1 Kg6 41. Ke4 h6 42. f4 Ne7 43. Rf1 h5 44. gxh5+ Rxh5 45. Rd1
Nd5 46. Be5 Rh4 47. g3 Rh5 48. Rc1 Nf6+ 49. Kf3 Nd7 50. Bd4 Rd5 51. Ke3 Nf6 52.
Rc7 Rd7 53. Rxd7 Nxd7 54. Ke4 Kf7 55. Bc3 g6 56. Bb4 Ke8 57. Bd6 Kf7 58. Kd4
Ke8 59. Kc4 Kd8 60. Kd3 Ke8 61. Ke4 Kd8 62. Bb4 Ke8 63. Bc3 Ke7 64. Kf3 Kf7 65.
Kg4 Nc5 66. Bd4 Nd7 67. Kg5 Nb8 68. g4 Nd7 69. Kh6 Nb8 70. Bc3 1/2-1/2

[Event "RUS-ch51"]
[Site "St Petersburg"]
[Date "1998.08.06"]
[Round "10"]
[White "Kuzuev, Danil"]
[Black "Filippov, Valerij"]
[Result "0-1"]
[WhiteElo "2350"]
[BlackElo "2595"]
[Annotator "Ftacnik,L"]
[PlyCount "104"]
[EventDate "1998.07.28"]
[EventType "swiss"]
[EventRounds "11"]
[EventCountry "RUS"]
[SourceTitle "CBM 067"]
[Source "ChessBase"]
[SourceDate "1998.11.30"]
[SourceVersion "2"]
[SourceVersionDate "1998.11.01"]
[SourceQuality "1"]

1. e4 {Hecht} c5 2. Nf3 e6 3. d4 cxd4 4. Nxd4 Nf6 5. Nc3 Nc6 6. g3 d5 7. Bg2
Qb6 8. Nb3 {It is surprisingly difficult to punish black for his opening
concept. The control of the center is so vital, that it seems strong even with
tempo down.} (8. Nxc6 bxc6 9. O-O (9. exd5 cxd5 10. O-O Be7 11. Na4 Qa6 12. b3
Bb7 13. Be3 Rc8 14. Qd4 Bc6 15. Nb2 Nd7 16. c4 Bf6 17. Qd2 O-O 18. cxd5 Bxd5
19. Bxd5 exd5 {0-1 Krason,J-Ehrenfeucht,W/Bydgoszcz 1980/EXT 99 (45)}) 9... Ba6
(9... Be7 10. Re1 O-O 11. e5 (11. exd5 cxd5 12. Bxd5 Nxd5 13. Nxd5 exd5 14.
Rxe7 Be6 15. Be3 Qxb2 16. Rxa7 Rxa7 17. Bxa7 Rc8 18. Bd4 Qa3 19. Qe2 Qd6 20. c3
{1-0 Viljava,T-Fastberg,J/FIN-chT 1988/EXT 97 (46)}) 11... Nd7 12. Bh3 Kh8 13.
Qh5 f6 14. exf6 Bxf6 15. Nd1 g6 16. Qh6 e5 17. Be3 Qa5 18. Bd2 Qc5 19. a3 Qxc2
{0-1 Waldmann,I-Biriescu,I/Zamardi 1980/MCD (36)}) 10. Na4 (10. Be3 Qxb2 11.
Bd4 Bxf1 12. Nxd5 Qb7 13. Nxf6+ gxf6 14. Qxf1 e5 15. Be3 Bd6 16. Bh3 h5 17. Bf5
Ke7 {0-1 Schlick,V-Gerusel,M/BL8687 1987/Bundesliga (33)}) 10... Qa5 11. c4
Bxc4 12. Bd2 Bb4 13. Bxb4 Qxb4 14. Re1 dxe4 15. Bxe4 Bd5 16. Bg2 O-O 17. Qc2 a5
18. b3 Rab8 19. Nb2 Rfd8 20. Nd3 {1/2-1/2 Van Riemsdijk,H-Dolmatov,S/Amsterdam
1979/MCD (36)}) (8. Be3 Qxb2 9. Ndb5 Bb4 10. O-O Bxc3 11. Rb1 Qxa2 12. Nxc3 Qa5
13. exd5 Nxd5 14. Nxd5 exd5 15. c4 d4 16. Rb5 Qa2 17. Bxd4 O-O 18. Rg5 f6 19.
Bd5+ Kh8 20. Rh5 {1/2-1/2 Mestel,A-Van der Wiel,J/Marbella 1982/MCD (42)}) 8...
d4 (8... dxe4 9. Be3 Qc7 10. Nxe4 Nxe4 11. Bxe4 Be7 12. Qh5 g6 13. Qh6 Bf8 14.
Qf4 Bd6 15. Qf3 O-O 16. Bxc6 bxc6 17. O-O-O Be7 18. Bh6 Re8 19. Qc3 e5 {
1-0 Kotsur,P-Rogozenko,D/Azov 1991/CBM 25 (73)}) 9. Ne2 (9. e5 Nd7 10. Ne2 Bb4+
11. c3 dxc3 12. bxc3 Be7 (12... Bc5 13. Nxc5 Qxc5 14. f4 O-O 15. a4 Rd8 16. Ba3
Qc4 17. Bd6 Nc5 18. O-O Ne4 19. Bxe4 Qxe4 20. Nd4 Nxd4 21. Qxd4 Qc6 {1/2-1/2
Campora,D-San Segundo,P/ESP-chT 1993/Tourn D (35)}) 13. Be3 Qc7 14. f4 b6 15.
Ned4 Bb7 16. Nb5 Qc8 17. O-O O-O 18. Qe2 a6 19. Nd6 Bxd6 20. exd6 Na7 {1/2-1/2
Kagan,S-Arnason,J/Randers 1982/MCL (53)}) 9... e5 (9... Bb4+ 10. c3 dxc3 11.
Nxc3 O-O 12. O-O Rd8 13. Qe2 Bxc3 14. bxc3 e5 15. Be3 Qc7 16. Bg5 Qe7 17. f4
Be6 18. Rf2 a6 19. Raf1 b5 20. fxe5 Nxe5 21. Rxf6 gxf6 22. Bxf6 {1/2-1/2
Karklins,A-Federl,A/Illinois 1987/EXT 97 (37)}) 10. c3 (10. O-O Bg4 11. h3 Bxe2
12. Qxe2 Be7 13. Bd2 O-O 14. a4 Bb4 15. a5 Qc7 16. Bg5 Nd7 17. Qc4 h6 18. Bc1
Rac8 {1/2-1/2 Svidler,P-Kharlov,A/Elista 1995/CBM 50 (73)}) 10... Be6 (10... a5
11. cxd4 a4 12. Nd2 Nxd4 13. Nxd4 exd4 14. e5 Bg4 15. f3 Nd5 16. fxg4 Ne3 {
1/2-1/2 Barczay,L-Kouatly,B/Budapest 1987/CBM 05 (16)}) 11. O-O (11. cxd4 Bb4+
12. Bd2 Bxb3 13. axb3 Nxd4 14. Nxd4 Qxd4 15. Bxb4 Qxb4+ 16. Qd2 Qxb3 17. O-O
O-O 18. Ra3 Qb6 {0-1 Gocheva,R-Bojkovic,N/Cetinje 1990/EXT 97 (48)}) 11... Rd8
{[%mdl 32] The whole strategy concentrates on the support of the central pawn.}
12. cxd4 exd4 13. Nf4 Be7 (13... Bxb3 14. axb3 Be7 15. Nd5 Nxd5 16. exd5 Nb4
17. Bd2 O-O 18. Bxb4 Bxb4 19. Qd3 $11) 14. Re1 (14. Nxe6 fxe6 15. Bh3 e5 $17)
14... O-O 15. e5 Nd5 (15... Bxb3 $2 16. axb3 Nd7 17. Nd5 $14) 16. Be4 $6 (16.
Nxe6 fxe6 17. Qg4 Rf5 18. Bh6 g6 $17) 16... Nxf4 17. Bxf4 Nb4 $1 18. Nc1 (18.
a3 Na6 19. Nc1 Nc5 20. b4 Nxe4 21. Rxe4 Bf5 $17) 18... d3 $1 {[%mdl 64] The
tactics works excellently for black, white is unable to stop dangerous central
pawn.} 19. a3 (19. Nxd3 Bc4 $1 (19... Nxd3 20. Bxd3 Bc4 21. Bxc4 Rxd1 22. Raxd1
Rc8 23. b3 $15) 20. Be3 Qe6 21. Qh5 g6 22. Nf4 gxh5 23. Nxe6 fxe6 $19) 19...
Nc2 20. Nxd3 (20. Rb1 Nxe1 21. Qxe1 Bc4 $19) 20... Nxe1 21. Qxe1 Bc4 22. Nb4 (
22. Be3 Qe6 (22... Qb5 23. a4 Qb3 24. Nc5 Bxc5 25. Bxc5 Rfe8 26. Bxa7 Qxb2 27.
f4 Rd2 28. Rb1 $15) 23. Qc3 Bxd3 24. Bxd3 Rc8 $17) 22... a5 23. Nc2 Bd3 (23...
Qxb2 $5 24. Rb1 Qa2 25. Rxb7 Bd3 26. Bxd3 Rxd3 27. Rxe7 Qxc2 $19) 24. b4 a4 {
Fixing the weak a3 pawn, the technical part is played convincingly.} (24...
axb4 25. axb4 (25. Nxb4 Bxb4 26. axb4 Bxe4 27. Qxe4 Rd4 28. Qf5 Rxb4 $19) 25...
Rfe8 $19) 25. Bxd3 (25. Rc1 Rd7 $17) 25... Rxd3 26. Ne3 Qe6 (26... Rfd8 27. Nf5
Qe6 28. Qe4 $17) 27. Qe2 Rfd8 28. h4 f6 (28... Qg6 29. Kh2 b5 $17) 29. exf6 (
29. Qa2 Rb3 30. exf6 Bxf6 $17) 29... Bxf6 30. Ra2 Rc3 $1 31. Kh2 Qe4 32. Qb5 (
32. Qg4 Rc1 33. f3 Qb1 $19) 32... Rc1 33. Ng2 Qc4 34. Qxa4 (34. Qxc4+ Rxc4 $19
{xa3}) 34... Qxa2 35. Bxc1 Qxf2 36. Bf4 h6 37. Qb5 (37. Qb3+ Kh8 38. Qf7 Bd4
39. Qxb7 Qg1+ 40. Kh3 h5 41. g4 Bf2 42. gxh5 Rd3+ 43. Kg4 Qd1+ 44. Kf5 Rd5+ 45.
Ke6 Qg4+ $19) 37... Qf3 38. a4 Qe4 {All other things in balance the difference
lays in the Rd8 against Ng2. No wonder that Kuzuev with the knight stands no
chance of survival.} (38... Rc8 39. h5 Bg5 40. Bxg5 hxg5 $19) 39. a5 Rc8 40.
Ne3 Kh8 (40... Bxh4 $5 41. Qd5+ Qxd5 42. Nxd5 Bd8 $19) 41. Qf5 (41. Qd5 $2 Qxb4
$19) 41... Rc2+ 42. Kh3 (42. Kg1 Rc1+ 43. Kf2 Qxb4 $19) 42... Qxf5+ 43. Nxf5
Rb2 44. Bd6 h5 $1 45. Ne7 (45. g4 Rb3+ 46. Ng3 Bc3 47. gxh5 Bxb4 $19) 45...
Bxe7 46. Bxe7 Kg8 47. Bd6 Kf7 48. g4 (48. Bc5 {Hecht} Ke6 49. Bf8 g6 50. Bc5
Kf5 51. Bf8 Ke4 52. Bc5 Kf3 53. Be7 Rb1 54. Kh2 Kg4 55. Bd6 Rb2+ 56. Kg1 Kf3
57. Kh1 Ke4 58. Bc5 Kd5 59. Bf8 Kc4 60. Be7 Rxb4 $19) 48... Rb3+ 49. Bg3 (49.
Kg2 hxg4 $19) 49... g6 $1 50. gxh5 gxh5 51. b5 Rxb5 52. Bc7 Rb3+ (52... Rb3+
53. Kg2 Ke6 54. Kf2 Kf5 $19) 0-1

[Event "New York Hudson"]
[Site "New York"]
[Date "1993.??.??"]
[Round "8"]
[White "Shabalov, Alexander"]
[Black "Ehlvest, Jaan"]
[Result "1-0"]
[WhiteElo "2575"]
[BlackElo "2625"]
[Annotator "Ftacnik,L"]
[PlyCount "89"]
[EventDate "1993.??.??"]
[EventType "tourn"]
[EventRounds "9"]
[EventCountry "USA"]
[EventCategory "13"]
[SourceTitle "CBM 035"]
[Source "ChessBase"]
[SourceDate "1993.08.01"]
[SourceVersion "1"]
[SourceVersionDate "1993.08.01"]
[SourceQuality "1"]

1. e4 c5 2. Nf3 e6 3. d4 cxd4 4. Nxd4 Nf6 5. Nc3 d6 6. f4 Be7 7. Bd3 Nc6 8. Nf3
O-O (8... Nb4 $5 9. Bb5+ Bd7 10. Bxd7+ Qxd7 $10 {Shabalov,A-Atlas,V/Geneva/
1992/}) 9. a3 $1 Nd7 10. O-O b6 11. b4 $1 Bb7 12. Bb2 Rc8 13. Qe1 a5 (13... Bf6
14. Rd1 a5 15. e5 dxe5 16. Ne4 $40) 14. Nb5 (14. b5 Ncb8 15. Qg3 Nc5 16. Nd5 f6
$1) 14... e5 15. Rd1 axb4 16. axb4 exf4 $1 17. Be2 $1 (17. e5 Ndxe5 $1 18. Nxe5
Nxe5 19. Bxe5 dxe5 20. Bxh7+ (20. Be4 Qxd1 21. Qxd1 Bxe4) (20. Bf5 Qe8 21. Bd7
Rxc2 $13) 20... Kxh7 21. Rxd8 Rfxd8 22. Qxe5 Rd2 $13) (17. Bc4 Nce5 18. Nxe5 (
18. Bd5 Ba6 $1) 18... Nxe5 19. Bxe5 Rxc4) 17... Ncb8 $6 (17... Nce5 $1 $13) (
17... d5 18. exd5 Bxb4 19. dxc6 $1 Bxe1 20. Rxd7 $16) 18. c4 $1 Bxe4 19. Nxd6
Bxd6 20. Rxd6 Qe7 21. Qc3 f6 22. Rfd1 Rfe8 23. Qd2 Ba8 24. Bf1 Ne5 25. Qxf4
Bxf3 26. gxf3 Nbc6 27. b5 Ng6 28. Qe4 Qxe4 (28... Nce5 29. f4 $1 f5 30. Qd5+
Nf7 31. Rd7 $16) 29. fxe4 Nce5 30. Bh3 $2 (30. Bxe5 $1 Nxe5 31. Bh3 Ra8 (31...
Nxc4 32. Bxc8 Nxd6 33. Bd7) 32. Be6+ Kf8 33. Bd5 Ra2 34. Rf1 $16) 30... Ra8 $2
(30... Nxc4 $1 31. Bxc8 Nxd6 32. Bd7 Rd8 $1 33. Rxd6 Nf8 34. Be6+ Nxe6 35. Rxe6
Rd1+ 36. Kf2 Rd2+ 37. Kg3 Rxb2 $10) 31. Be6+ Kh8 32. Ra1 Rab8 33. Ra7 Nf3+ 34.
Kf1 Ng5 35. Bf5 Nh4 36. Rdd7 Nxf5 37. exf5 Rbd8 38. c5 bxc5 39. b6 $6 (39. Rxd8
Rxd8 40. b6 $18) 39... Rb8 40. Rab7 Ra8 41. Rxg7 Ne4 42. Rxh7+ Kg8 43. Rbg7+
Kf8 44. b7 Ra2 45. Rg2 1-0